Sports Quiz

Random Sports or World Quiz

Swedish World Cup Squads Quiz Stats

 Plays Quiz not verified by Sporcle

Score 0/91 Timer 10:00
0 Plays Today
% Correct
Sebastian Larsson
100%
Henrik Larsson
98.6%
Henrik Larsson
98.6%
Zlatan Ibrahimovic
98.6%
Zlatan Ibrahimovic
98.6%
Henrik Larsson
98.6%
Kennet Andersson
91.4%
Patrik Andersson
91.1%
Patrik Andersson
91.1%
Andreas Andersson
90.6%
Daniel Andersson
90%
Daniel Andersson
90%
Victor Lindelöf
90%
Gustav Svensson
90%
Andreas Isaksson
87.8%
Andreas Isaksson
87.8%
Anders Svensson
86.7%
Anders Svensson
86.7%
Thomas Ravelli
86.1%
Magnus Svensson
86.1%
Roger Ljung
85.6%
Michael Svensson
85.6%
Fredrik Ljungberg
85%
Fredrik Ljungberg
85%
Karl Svensson
85%
Tomas Brolin
84.2%
Martin Dahlin
82.8%
Olof Mellberg
81.7%
Olof Mellberg
81.7%
Robin Olsen
80%
Mikael Lustig
80%
% Correct
Andreas Granqvist
80%
Marcus Berg
80%
Emil Forsberg
80%
Magnus Hedman
74.7%
Magnus Hedman
74.7%
Roland Nilsson
73.3%
Mikael Nilsson
73.1%
Mikael Nilsson
73.1%
Niclas Alexandersson
72.8%
Niclas Alexandersson
72.8%
Marcus Allback
72.5%
Marcus Allback
72.5%
Kim Kallstrom
71.9%
Martin Olsson
70%
Viktor Claesson
70%
Ola Toivonen
70%
Teddy Lucic
66.4%
Teddy Lucic
66.4%
Teddy Lucic
66.4%
Stefan Schwarz
64.7%
Jonas Thern
61.4%
Tobias Linderoth
61.1%
Tobias Linderoth
61.1%
Erik Edman
60.8%
Erik Edman
60.8%
Christian Wilhelmsson
60%
Ludwig Augustinsson
60%
Albin Ekdal
60%
John Guidetti
60%
Emil Krafth
60%
Pontus Jansson
60%
% Correct
Jimmy Durmaz
60%
Johan Elmander
59.2%
Hakan Mild
58.1%
Lars Eriksson
56.9%
Klas Ingesson
55.3%
Joachim Bjorklund
53.9%
Jesper Blomqvist
53.9%
Anders Limpar
52.8%
Rami Shaaban
50.3%
Filip Helander
50%
Isaac Kiese Thelin
50%
Johan Mjallby
49.2%
Pontus Kamark
42.5%
Mattias Jonson
40.6%
Mattias Jonson
40.6%
Petter Hansson
40%
Karl-Johan Johnsson
40%
Kristoffer Nordfeldt
40%
Andreas Jakobsson
33.1%
Magnus Erlingmark
32.8%
Stefan Rehn
31.4%
Oscar Hiljemark
30%
Marcus Rohden
30%
Markus Rosenberg
28.1%
Magnus Kihlstedt
23.1%
John Alvbage
21.1%
Pontus Farnerud
20.8%
Fredrik Stenman
15.6%
Tomas Antonelius
13.3%

You're not logged in!

Compare scores with friends on all Sporcle quizzes.
OR
Log In

Show Comments

Extras

Top Quizzes Today


Score Distribution

Your Account Isn't Verified!

In order to create a playlist on Sporcle, you need to verify the email address you used during registration. Go to your Sporcle Settings to finish the process.

Report this User

Report this user for behavior that violates our Community Guidelines.

Details: